| 000 | 01224nam0a2200313 4500 | ||
|---|---|---|---|
| 001 | RU\NLR\bibl\567498 | ||
| 005 | 20250609164120.0 | ||
| 010 |
_a5-8459-0585-0 _95000 |
||
| 021 |
_aRU _b2004-56018 _92758 |
||
| 035 | _a(NLR Aleph) 000559583 | ||
| 090 |
_a1523828 _c1523828 |
||
| 100 | _a20041027d2004 |||y0rusy50 ca | ||
| 101 | 0 | _arus | |
| 102 | _aRU | ||
| 105 | _aa ||||||||| | ||
| 200 | 1 |
_aMicrosoft Word 2003 _e[Руководство] _fО.А. Меженный |
|
| 210 |
_aМ. и др. _cДиалектика _d2004 |
||
| 215 |
_a261 с. _cил. _d24 |
||
| 225 | 1 | _aСамоучитель | |
| 320 | _aПредм. указ.: с. 259-261 | ||
| 606 | 0 |
_aMICROSOFT WORD 2003, текстовый редактор _jРуководства, пособия и т.п. _92343955 _3RU\NLR\auth\661400851 |
|
| 606 | 0 |
_aMICROSOFT WORD 2003, текстовый редактор _jУчебные издания для самообразования _92343955 _3RU\NLR\auth\661400851 |
|
| 686 | _aЗ973.233-018я78-1 | ||
| 700 | 1 |
_aМеженный _bО. А. _gОлег Анисимович _4070 |
|
| 801 | 0 |
_aRU _bNLR _c20041027 _gPSBO |
|
| 801 | 1 |
_aRU _bNLR _c20041027 |
|
| 942 | _cBOOK | ||
| 980 | _aNB | ||